000 00366nam a2200157Ia 4500
008 230917s9999||||xx |||||||||||||| ||und||
020 _cPON10.95
040 _e13209
_aMAIN
041 _aEnglish
082 _a519.5 G543C
100 _aGodfrey, M G
245 0 _aConcise statistics
260 _aLondon
_bEdward Arnold
_c1988
300 _avi,401 p.
942 _cBK
999 _c68540
_d68540